[Event "VIE-chT"]
[Site "Hanoi"]
[Date "2023.04.18"]
[Round "1"]
[White "Tran, Ly Khoi Nguyen"]
[Black "Nguyen, Huu Hoang Anh"]
[Result "0-1"]
[WhiteElo "1943"]
[BlackElo "1945"]
[PlyCount "80"]
[EventDate "2023.04.18"]
[EventType "swiss"]
[EventRounds "9"]
[EventCountry "VIE"]
[SourceTitle "EXT 2024"]
[Source "ChessBase"]
[SourceDate "2023.10.10"]
[SourceVersion "1"]
[SourceVersionDate "2023.10.10"]
[SourceQuality "1"]

1. Nf3 g6 2. g3 Bg7 3. Bg2 d6 4. 0-0 e5 5. d3 f5 6. e4 Nf6 7. Re1 0-0 8. Nbd2 Kh8 9. Nf1 c6 10. Rb1 Be6 11. b3 Nbd7 12. a4 h6 13. Ba3 Ne8 14. h4 f4 15. Qe2 g5 16. hxg5 hxg5 17. N3h2 Ndf6 18. d4 Rf7 19. Rbd1 Qb6 20. dxe5 dxe5 21. Nf3 Nh7 22. N3h2 Nef6 23. Bb2 Qc7 24. Rd2 g4 25. f3 Bh6 26. Rdd1 Rg8 27. gxf4 Bxf4 28. Bc1 g3 29. Bxf4 exf4 30. Rd2 gxh2+ 31. Nxh2 Rfg7 32. Qd1 Nh5 33. Ree2 Qb6+ 34. Rd4 Bh3 35. Ng4 Bxg4 36. fxg4 Rxg4 37. a5 Qxa5 38. Rf2 Qc5 39. Qa1 N7f6 40. Kf1 f3 0-1

[Event "VIE-ch U15"]
[Site "Ho Chi Minh City"]
[Date "2022.07.16"]
[Round "8"]
[White "Tran, Nguyen Dang Khoa1"]
[Black "Tran, Ly Khoi Nguyen"]
[Result "0-1"]
[WhiteElo "2306"]
[BlackElo "2294"]
[PlyCount "82"]
[EventDate "2022.07.11"]
[EventType "swiss"]
[EventRounds "9"]
[EventCountry "VIE"]
[SourceTitle "EXT 2023"]
[Source "ChessBase"]
[SourceDate "2022.10.05"]
[SourceVersion "1"]
[SourceVersionDate "2022.10.05"]
[SourceQuality "1"]

1. d4 Nf6 2. c4 g6 3. Nc3 Bg7 4. e4 0-0 5. f3 c5 6. d5 d6 7. Be3 e6 8. Bd3 a6 9. Qd2 Re8 10. Nge2 exd5 11. cxd5 b5 12. a3 Qe7 13. h4 Nbd7 14. 0-0-0 Ne5 15. Rdf1 Bd7 16. g4 b4 17. axb4 cxb4 18. Na2 Nxd3+ 19. Qxd3 Bb5 20. Qd2 Nxe4 21. fxe4 Qxe4 22. Rh3 Rac8+ 23. Kd1 Bxe2+ 24. Qxe2 Qxd5+ 25. Ke1 Qxa2 26. Kf2 Qxb2 27. Qxb2 Bxb2 28. Rf3 Re7 29. h5 Rc2+ 30. Kg3 Be5+ 31. Kh4 f6 32. Bf2 g5+ 33. Kh3 Rc3 34. Rxc3 Bxc3 35. Bb6 Kg7 36. Rd1 Rb7 37. Ba5 Rb5 38. Bd8 d5 39. Rd3 Be5 40. Kg2 b3 41. h6+ Kf7 0-1

[Event "VIE-ch U15"]
[Site "Ho Chi Minh City"]
[Date "2022.07.13"]
[Round "4"]
[White "Nguyen, Anh Hao"]
[Black "Tran, Ly Khoi Nguyen"]
[Result "1-0"]
[WhiteElo "2290"]
[BlackElo "2294"]
[PlyCount "142"]
[EventDate "2022.07.11"]
[EventType "swiss"]
[EventRounds "9"]
[EventCountry "VIE"]
[SourceTitle "EXT 2023"]
[Source "ChessBase"]
[SourceDate "2022.10.05"]
[SourceVersion "1"]
[SourceVersionDate "2022.10.05"]
[SourceQuality "1"]

1. e4 c5 2. Nf3 d6 3. c3 Nf6 4. Be2 Nc6 5. Qc2 g6 6. d4 cxd4 7. cxd4 Bd7 8. Nc3 Rc8 9. h3 Bg7 10. Be3 Qa5 11. 0-0 0-0 12. a3 a6 13. Qd2 Rfd8 14. Rfc1 Re8 15. b4 Qd8 16. e5 dxe5 17. dxe5 Nh5 18. g4 Nxe5 19. gxh5 Bxh3 20. Rab1 Bf5 21. Rb3 Be6 22. Rb2 Nc4 23. Bxc4 Rxc4 24. Ng5 Qc8 25. Nxe6 Qxe6 26. Rbc2 Rh4 27. f3 Be5 28. Qg2 Rc8 29. Ne4 Rxc2 30. Qxc2 f6 31. Qc8+ Qxc8 32. Rxc8+ Kf7 33. hxg6+ hxg6 34. Rc4 Rh8 35. Bd4 Bb8 36. Bf2 Rd8 37. Nc5 Rc8 38. Rd4 Rc7 39. Rd8 Ba7 40. Rd7 Rxd7 41. Nxd7 Ke6 42. Bxa7 Kxd7 43. a4 Ke6 44. Kf2 Kd5 45. Ke3 e5 46. Bc5 f5 47. Kd3 Kc6 48. a5 Kd5 49. Bf8 e4+ 50. fxe4+ fxe4+ 51. Ke3 Ke5 52. Bc5 Kf5 53. Kd4 g5 54. Ke3 Ke5 55. Be7 Kf5 56. Bd8 Ke6 57. Bxg5 Kd5 58. Be7 Ke5 59. Kd2 Kd4 60. Bc5+ Kd5 61. Kc3 Ke6 62. Kd4 e3 63. Kxe3 Ke5 64. Kd3 Kd5 65. Bd4 Kd6 66. Kc4 Kc6 67. Be5 b6 68. axb6 Kxb6 69. Bd4+ Kc6 70. Bc5 Kc7 71. Kb3 a5 1-0

[Event "VIE-ch U15"]
[Site "Ho Chi Minh City"]
[Date "2022.07.11"]
[Round "1"]
[White "Dang, Anh Minh"]
[Black "Tran, Ly Khoi Nguyen"]
[Result "1-0"]
[WhiteElo "2307"]
[BlackElo "2294"]
[PlyCount "150"]
[EventDate "2022.07.11"]
[EventType "swiss"]
[EventRounds "9"]
[EventCountry "VIE"]
[SourceTitle "EXT 2023"]
[Source "ChessBase"]
[SourceDate "2022.10.05"]
[SourceVersion "1"]
[SourceVersionDate "2022.10.05"]
[SourceQuality "1"]

1. d4 d5 2. c4 Nf6 3. Nc3 g6 4. Bg5 Bg7 5. Bxf6 Bxf6 6. cxd5 0-0 7. e3 Nd7 8. Bc4 Nb6 9. Bb3 Bd7 10. Nf3 Re8 11. 0-0 e6 12. dxe6 Bxe6 13. Bxe6 Rxe6 14. Rc1 c6 15. Qb3 Qd7 16. a4 Rb8 17. a5 Nd5 18. Nxd5 cxd5 19. Rc5 Rd6 20. Rfc1 Bd8 21. Ne5 Qe6 22. Nd3 g5 23. Qc3 Kg7 24. b4 b6 25. axb6 Rbxb6 26. Ne5 Be7 27. Rc7 a6 28. Ra7 f6 29. Nd3 Rdc6 30. Nc5 Qd6 31. Rd7 Qxd7 32. Nxd7 Rxc3 33. Rxc3 Rxb4 34. g4 Rb1+ 35. Kg2 Ra1 36. Rc7 Bd6 37. Ra7 Kg6 38. Nb6 Bb4 39. Nxd5 Be1 40. Ne7+ Kf7 41. Nf5+ Kf8 42. d5 Bb4 43. d6 Rd1 44. Rxa6 Ke8 45. Ra8+ Kd7 46. Ra7+ Ke6 47. Re7+ Kd5 48. e4+ Kc6 49. Rc7+ Kb6 50. Rxh7 Rd2 51. Ne3 Kc6 52. Nc4 Rd4 53. Rc7+ Kb5 54. d7 Be7 55. Ne3 Kb6 56. Rc8 Rxd7 57. Nd5+ Kb7 58. Nxe7 Rxe7 59. Rc4 Rd7 60. Kg3 Rd3+ 61. f3 Kb6 62. Rc8 Kb5 63. Rf8 Rd6 64. e5 fxe5 65. Rf5 Rg6 66. Rxe5+ Kc6 67. f4 Kd6 68. Rxg5 Rxg5 69. fxg5 Ke7 70. h4 Kf8 71. g6 Kg8 72. h5 Kh8 73. Kf4 Kg8 74. Kf5 Kg7 75. Kg5 Kg8 1-0

[Event "VIE-ch U15"]
[Site "Hanoi"]
[Date "2022.06.13"]
[Round "3"]
[White "Pham, Tuan Kiet"]
[Black "Tran, Ly Khoi Nguyen"]
[Result "0-1"]
[WhiteElo "2317"]
[BlackElo "2308"]
[PlyCount "112"]
[EventDate "2022.06.11"]
[EventType "swiss"]
[EventRounds "9"]
[EventCountry "VIE"]
[SourceTitle "EXT 2023"]
[Source "ChessBase"]
[SourceDate "2022.10.05"]
[SourceVersion "1"]
[SourceVersionDate "2022.10.05"]
[SourceQuality "1"]

1. d4 Nf6 2. Bf4 e6 3. e3 d5 4. Nf3 c5 5. c3 Be7 6. Nbd2 0-0 7. Bd3 Nc6 8. 0-0 Bd7 9. Ne5 Rc8 10. Ndf3 c4 11. Bc2 Na5 12. h4 Be8 13. g3 Ne4 14. Bxe4 dxe4 15. Nd2 f6 16. Ng4 f5 17. Ne5 h6 18. h5 Bd6 19. Qe2 Bxe5 20. dxe5 Qd3 21. Rfe1 Rd8 22. Nf1 Qxe2 23. Rxe2 Bxh5 24. g4 Bxg4 25. Rc2 g5 26. Bg3 Rd3 27. b4 Nc6 28. Nd2 Rfd8 29. Nxc4 Rd1+ 30. Rxd1 Rxd1+ 31. Kh2 Bf3 32. Bf4 Rh1+ 33. Kg3 g4 34. Bxh6 Rxh6 35. Rd2 Kf7 36. Rd7+ Ke8 37. Rxb7 Be2 38. Nd6+ Kf8 39. Kf4 Rg6 40. Kg3 Nxe5 41. Rxa7 Nd3 42. Rh7 Rg7 43. Rxg7 Kxg7 44. b5 Nc5 45. b6 Kf8 46. b7 Na6 47. c4 Ke7 48. c5 Kd7 49. Kf4 Kc7 50. Ke5 Nxc5 51. a4 Nxb7 52. Nf7 Nc5 53. a5 Nd3+ 54. Kxe6 Nxf2 55. Nd6 g3 56. a6 Bxa6 0-1

[Event "VIE-ch U11"]
[Site "Hai Phong"]
[Date "2018.07.08"]
[Round "3"]
[White "Nguyen, Duc Duy"]
[Black "Tran, Ly Khoi Nguyen"]
[Result "1/2-1/2"]
[WhiteElo "1868"]
[BlackElo "1879"]
[PlyCount "72"]
[EventDate "2018.07.07"]
[EventType "swiss"]
[EventRounds "9"]
[EventCountry "VIE"]
[SourceTitle "EXT 2019"]
[Source "ChessBase"]
[SourceDate "2018.10.10"]
[SourceVersion "1"]
[SourceVersionDate "2018.10.10"]
[SourceQuality "1"]

1. d4 d5 2. c4 e6 3. Nc3 c6 4. e3 Nf6 5. Nf3 Be7 6. Bd3 0-0 7. 0-0 Na6 8. a3 Nc7 9. b3 c5 10. Bb2 cxd4 11. exd4 Bd7 12. Qe2 Bc6 13. Rfd1 Qd7 14. Ne5 Qc8 15. Rac1 Qd8 16. h3 h6 17. Qe3 Re8 18. Ne2 Nd7 19. Nf4 Nxe5 20. dxe5 Bg5 21. Qg3 Rf8 22. Rc2 Qe7 23. Nh5 Ne8 24. f4 Bh4 25. Qg4 dxc4 26. bxc4 Ba4 27. f5 exf5 28. Qxf5 g6 29. Qg4 Bxc2 30. Bxc2 Qg5 31. Nf4 Qxg4 32. hxg4 Rd8 33. Rxd8 Bxd8 34. e6 g5 35. exf7+ Rxf7 36. Nd5 Rf8 1/2-1/2